| 000 | 00484nam a22001697a 4500 | ||
|---|---|---|---|
| 003 | NUST | ||
| 005 | 20260203141308.0 | ||
| 008 | 260203b ||||| |||| 00| 0 eng d | ||
| 020 | _a978-3662515945 | ||
| 082 | _a551.5 | ||
| 100 |
_aWang, Yuan. _9133068 |
||
| 245 |
_aAerosol-Cloud Interactions from Urban, Regional, to Global Scales / _cWang, Yuan. |
||
| 260 |
_aLondon: _bSpringer, _c2016. |
||
| 300 |
_a107 p ; _c6.1 x 0.26 x 9.25 inches |
||
| 563 | _aHardcover | ||
| 942 |
_2ddc _cBK |
||
| 999 |
_c616063 _d616063 |
||